Bilecik Bilecik Bilecik Bilecik Bilecik

Osmanlı İmparatorluğu ve Türkiye Cumhuriyeti çağlarında Türk kazı tarihi : (Record no. 47784)

MARC details
000 -BAŞLIK
Sabit Uzunluktaki Kontrol Alanı 01255nam a22003257a 4500
001 - KONTROL NUMARASI
Control Dosyası 0047942
003 - KONTROL NUMARASI KİMLİĞİ
Kontrol Alanı KOHA_MİRAKIL
005 - EN SON İŞLEM TARİHİ ve ZAMANI
Kontrol Alanı 20260207003603.0
007 - FİZİKSEL TANIM SABİT ALAN - GENEL BİLGİ
Sabit uzunluklu kontrol alanı ta
008 - SABİT UZUNLUKTAKİ VERİ ÖGELERİ - GENEL BİLGİ
Sabit Alan 150416b2013 tu a|||gr||||#||||0|tur |
020 ## - ISBN - ULUSLARARASI STANDART KİTAP NUMARASI
Isbn 9789751626844
040 ## - KATALOGLAMA KAYNAĞI
Özgün Kataloglama Kurumu TR-BiSEU
Kataloglama Dili tur
Çeviri Kurumu TR-BiSEU
Açıklama Kuralları rda
041 0# - DİL KODU
Metin ya da ses kaydının dil kodu tur
044 ## - YAYINLAYAN/ÜRETEN KURULUŞUN ÜLKE KODU
ISO country code tu
050 ## - SINIFLAMA ve YER NUMARASI
Sınıflama Numarası DS156
Yer Numarası .O86 2013
245 0# - ESER ADI BİLDİRİMİ
Başlık Osmanlı İmparatorluğu ve Türkiye Cumhuriyeti çağlarında Türk kazı tarihi :
Alt Eseradı vb. arkeolojik hafriyatlar ve müzecilik tarihimizi aydınlatacak muhtelif belge örnekleri/
Sorumluluk Bildirimi Hamit Zübeyr Koşay, M. E.Zarif Orgun, Sadi Bayram, Erfdoğan Tan.
264 #1 - ÜRERİM, YAYIN, DAĞITIM ve TELİF BİLDİRİMİ
Yayın yeri Ankara :
Yayınlayan Türk Tarih Kurumu
Yayın tarihi 2013
300 ## - FİZİKSEL TANIMLAMA
Sayfa, Cilt vb. c. :
Diğer fiziki detaylar resimli ;
Boyutları 30 cm.
336 ## - İÇERİK TÜRÜ
Content type term metin
Content type code txt
Source rdacontent
337 ## - MEDYA TÜRÜ
Media type term aracısız
Media type code n
Source rdamedia
338 ## - TAŞIYICI TÜRÜ
Carrier type term cilt
Carrier type code nc
Source rdacarrier
490 1# - DİZİ BİLDİRİMİ
Dizi Bildirimi Atatürk Kültür Dil ve Tarih Yüksek Kurumu Türk Tarih Kurumu yayınları ;
Cilt Numarası III.
490 1# - DİZİ BİLDİRİMİ
Dizi Bildirimi dizi -sayı 1c
500 ## - GENEL NOT
Genel Not Dizin var.
650 #0 - KONU BAŞLIĞI EK GİRİŞ - KONU TERİMİ
Konusal terim veya coğrafi ad Excavations (archaeology)--Turkey.
9 (RLIN) 85770
650 #0 - KONU BAŞLIĞI EK GİRİŞ - KONU TERİMİ
Konusal terim veya coğrafi ad Kazılar (arkeoloji)--Türkiye
9 (RLIN) 85771
830 1# - SERİ EK GİRİŞİ - TEKBİÇİM ESER ADI
Tekbiçim Başlık Atatürk Kültür Dil ve Tarih Yüksek Kurumu Türk Tarih Kurumu yayınları ;
Volume number/sequential designation III.
9 (RLIN) 17018
830 1# - SERİ EK GİRİŞİ - TEKBİÇİM ESER ADI
Tekbiçim Başlık dizi -sayı 1c
9 (RLIN) 87986
942 ## - EK GİRİŞ ÖGELERİ (KOHA)
Source of classification or shelving scheme Library of Congress Classification
Koha item type Book
Holdings
Materyal Türü Kalıcı Konum Mevcut Konum Raf Yeri Sınıflandırma Kaynağı Edinim Bilgisi Ana Konular Alt Konular Yer Numarası Cilt Bilgisi Demirbaş Numarası Fatura Tarihi Geri Çekilme Durumu Kayıp Durumu Hasarlı Durumu Kredi için değil Kayıt Tarih Toplam Ödünçverme Son Görülme Tarihi Son Kontrol Tarihi Genel / Bağış Notu
Book Prof. Dr. Azmi Özcan Kütüphanesi Prof. Dr. Azmi Özcan Kütüphanesi Uluğbey Salonu Library of Congress Classification Bağış DÜNYA TARİHİ (AVRUPA, ASYA, AFRİKA VB.) Asya DS156 .O86 2013 c.3 0047942 02/02/2026         16/04/2015   05/12/2024 05/12/2024 Atatürk Kültür, Dil ve Tarih Yüksek Kurumu